Characteristics of synthetic polymer latices (Record no. 55401)

MARC details
000 -LEADER
fixed length control field 00315nam a2200121Ia 4500
100 ## - MAIN ENTRY--AUTHOR NAME
Personal name Bolam S E
245 #0 - TITLE STATEMENT
Title Characteristics of synthetic polymer latices
260 ## - PUBLICATION, DISTRIBUTION, ETC. (IMPRINT)
Name of publisher Proceedings of the IRI
Year of publication 1957
300 ## - PHYSICAL DESCRIPTION
Number of Pages 61-75
650 ## - SUBJECT ADDED ENTRY--TOPICAL TERM
Topical Term Synthetic polymer
942 ## - ADDED ENTRY ELEMENTS (KOHA)
Koha item type Journals
Holdings
Withdrawn status Lost status Damaged status Not for loan Home library Current library Shelving location Date acquired Serial Enumeration / chronology Koha item type
      Journals RRII Library RRII Library Rubber chemistry 17/12/2021 Volume 4, Issue 2 Journals